Statistics for Icons FIFA 20

Click here to take the quiz!

General Stats

  • This quiz has been taken 31 times
    (17 since last reset)
  • The average score is 63 of 89

Answer Stats

NationalityIcon% Correct
ArgentinaMaradona
100%
BrazilCarlos
93%
BrazilCarlos Alberto
93%
ArgentinaCrespo
93%
EnglandLampard
93%
JapanNakata
93%
BrazilPelé
93%
Ivory CoastDrogba
86%
EnglandFerdinand
86%
PortugalFigo
86%
EnglandGerrard
86%
RomaniaHagi
86%
DenmarkLaudrup
86%
The Czech RepublicNedved
86%
RussiaYashin
86%
Northern IrelandBest
79%
PortugalDeco
79%
GhanaEssien
79%
PortugalEusébio
79%
BrazilGarrincha
79%
WalesGiggs
79%
FranceHenry
79%
SpainHierro
79%
SwedenLarsson
79%
FinlandLitmanen
79%
ItalyMaldini
79%
GermanyMatthaus
79%
EnglandOwen
79%
FrancePetit
79%
FrancePires
79%
BrazilRonaldo
79%
WalesRush
79%
DenmarkSchmeichel
79%
EnglandShearer
79%
BulgariaStoichkov
79%
ArgentinaVeron
79%
ArgentinaZanetti
79%
ItalyCannavaro
71%
ScotlandDalglish
71%
ItalyDel Piero
71%
FranceDesailly
71%
SpainGuardiola
71%
MexicoHernandez
71%
IrelandKeane
71%
EnglandMoore
71%
NigeriaOkocha
71%
SpainPuyol
71%
SpainRaúl
71%
BrazilRivaldo
71%
BrazilRonaldinho
71%
PortugalRui Costa
71%
MexicoSánchez
71%
EnglandScholes
71%
UkraineShevchenko
71%
BrazilSocrates
71%
The NetherlandsVan Basten
71%
ItalyVieri
71%
GermanyBallack
64%
EnglandBarnes
64%
The NetherlandsBergkamp
64%
SpainButragueno
64%
The NetherlandsGullit
64%
GermanyKlose
64%
The NetherlandsKoeman
64%
GermanyLehmann
64%
EnglandLineker
64%
ItalyNesta
64%
The NetherlandsVan Nistelrooy
64%
ItalyBaggio
57%
FranceBlanc
57%
EnglandCampbell
57%
The NetherlandsCruyff
57%
ItalyInzaghi
57%
BrazilKaká
57%
The NetherlandsKluivert
57%
FranceMakélélé
57%
The NetherlandsOvermars
57%
The NetherlandsRijkaard
57%
ItaltZambrotta
57%
FranceZidane
57%
ItalyBaresi
50%
The NetherlandsSeedorf
50%
FranceTrezeguet
50%
The NetherlandsVan Der Sar
50%
EnglandWright
50%
ItalyZola
50%
ItalyPirlo
43%
ItalyGattuso
36%
FranceVieria
7%

Score Distribution

Percentile by Number Answered

Percent of People with Each Score

Your Score History

You have not taken this quiz since the last reset